Movies Quiz

Random Movies or Actor Quiz

Top of the Box Office (2017) Quiz Stats

 Plays Quiz Updated Feb 5, 2018

Challenge
Share
Tweet
Embed
Score 0/20 Timer 05:00
2 Plays Today
Gross Movie % Correct
$1,320.4mStar Wars: The Last Jedi
84.7%
$821.8mWonder Woman
81.8%
$1,263.5mBeauty and the Beast
81.8%
$863.7mGuardians of the Galaxy Vol. 2
76.4%
$1,236.0mThe Fate of the Furious
76%
$852.6mThor: Ragnarok
73.8%
$616.8mLogan
67%
$880.2mSpider-Man: Homecoming
65.4%
$656.0mJustice League
63.4%
$1,034.8mDespicable Me 3
57.6%
Gross Movie % Correct
$605.4mTransformers: The Last Knight
55.1%
$525.2mDunkirk
52.8%
$700.4mIt
47.1%
$794.9mPirates of the Caribbean: Dead Men Tell No Tales
46%
$498.9mThe Boss Baby
44.1%
$490.7mWar for the Planet of the Apes
36.5%
$700.9mCoco
33.8%
$566.7mKong: Skull Island
25.6%
$855.7mJumanji: Welcome to the Jungle
25%
$870.3mWolf Warrior II / Zhan lang II
7.6%

You're not logged in!

Compare scores with friends on all Sporcle quizzes.
OR
Log In

You Might Also Like...

Show Comments

Extras

Top Quizzes Today


Score Distribution

Your Account Isn't Verified!

In order to create a playlist on Sporcle, you need to verify the email address you used during registration. Go to your Sporcle Settings to finish the process.

Report this User

Report this user for behavior that violates our Community Guidelines.

Details: